Statistics for MLB All Time Home Run Leaders

Click here to take the quiz!

General Stats

  • This quiz has been taken 531 times
  • The average score is 10 of 15

Answer Stats

HintAnswer% Correct
762Barry Bonds
98%
755Hank Aaron
97%
714Babe Ruth
96%
647Alex Rodriguez
83%
660Willie Mays
79%
609Sammy Sosa
78%
630Ken Griffey
71%
583Mark McGwire
65%
612Jim Thome
63%
573Harmon Killebrew
49%
548Mike Schmidt
44%
586Frank Robinson
42%
563Reggie Jackson
41%
555Manny Ramirez
35%
569Refael Palmeiro
23%

Score Distribution

Percentile by Number Answered

Percent of People with Each Score

Your Score History

You have not taken this quiz